| 000 | 00443nam a2200181Ia 4500 | ||
|---|---|---|---|
| 005 | 20240823063129.0 | ||
| 008 | 240823s9999||||xx |||||||||||||| ||und|| | ||
| 041 | _aENGLISH | ||
| 082 | _A621.3 N6 | ||
| 100 | _aMehta V K | ||
| 245 | 0 | _aPrinciples of Electrical Engineering and Electronics | |
| 250 | _a1st | ||
| 260 |
_c1996 _b"S.Chand,New Delhi" |
||
| 500 | _aYES | ||
| 650 |
_aElectrical _bElectrical |
||
| 942 | _cBK | ||
| 999 |
_c237517 _d237517 |
||